00417nam a2200157Ia 4500003000900000008004100009040001600050080001300066100001900079245004600098260003000144300001500174650001300189650003100202650002600233IN-BaIIA211028s9999 xx 000 0 eng d cIIA Library a770bSUT aSutton, Thomas 2aA dictonary of photographycThomas Sutton aLondonbSampson Lowc1858 avii, 423p. aArchives aDictionaries - Photography aPhotography Dictonary